[Event "SVK-ch U14"]
[Site "Brezova pod Bradlom"]
[Date "2006.03.05"]
[Round "1"]
[White "Cech, Ondrej"]
[Black "Solar, Andrej"]
[Result "0-1"]
[WhiteElo "1350"]
[BlackElo "1568"]
[PlyCount "42"]
[EventDate "2006.03.05"]
[EventType "swiss"]
[EventRounds "9"]
[EventCountry "SVK"]
[SourceTitle "EXT 2008"]
[Source "ChessBase"]
[SourceDate "2007.11.25"]
[SourceVersion "1"]
[SourceVersionDate "2007.11.25"]
[SourceQuality "1"]

1. e4 e5 2. Nf3 Nc6 3. Bc4 Nf6 4. 0-0 Bc5 5. Nc3 0-0 6. d3 Re8 7. a3 Nd4 8. Nxd4 Bxd4 9. Qe1 c6 10. Bg5 Bxc3 11. Qxc3 h6 12. Bxf6 Qxf6 13. Qb3 b5 14. Bxf7+ Qxf7 15. Qxf7+ Kxf7 16. c3 d5 17. a4 dxe4 18. dxe4 Bb7 19. f3 a6 20. Rad1 Rad8 21. axb5 cxb5 0-1